|
|
|
|
| LEADER |
00000nab a2200000 a 4500 |
| 001 |
vtls000538595 |
| 003 |
SK-MaSNL |
| 005 |
20260303222719.0 |
| 008 |
160202c1995 xo 0 hun |
| 015 |
|
|
|a SNBRB19rr/mm-uuuuu
|
| 035 |
|
|
|a CL0538733
|
| 040 |
|
|
|a SNKBUCL
|b slo
|c SNKBUCL
|e AACR2
|
| 041 |
0 |
|
|a hun
|
| 044 |
|
|
|a xo
|c SK
|
| 080 |
|
|
|a 792.2
|2 1981
|
| 100 |
1 |
|
|a Dusza, István
|4 aut
|9 280237
|
| 245 |
1 |
0 |
|a Puritán játék a lelki bujaságról
|b A makrancos hölgy a kassai Thália Színházban
|c István Dusza
|
| 300 |
|
|
|b Fotogr. 1
|
| 600 |
1 |
7 |
|a Shakespeare, William,
|d 1564-1616
|t Skrotenie čertice
|2 snkbucl
|9 1230907
|
| 610 |
2 |
7 |
|a Divadlo Thália (Košice, Slovensko)
|2 snkbucl
|9 31809
|
| 655 |
|
7 |
|a recenzie
|2 snkbucl
|9 21907
|
| 655 |
|
7 |
|a články z novín a časopisov
|2 snkbucl
|9 267496
|
| 773 |
0 |
|
|t Új szó
|g Roč. 48, č. 4 (5. 1. 1995), s. 7
|
| 850 |
|
|
|a Slovenská národná knižnica v Martine
|a DSG001
|
| 852 |
|
|
|a SNK
|b KIS3GCP
|
| 958 |
|
|
|a RK
|
| 958 |
|
|
|a HU
|
| 992 |
|
|
|a RBX
|
| 999 |
|
|
|c 2243002
|d 2244932
|